000
00326nam a2200133Ia 4500
008
100328s9999 xx 000 0 und d
082
_b
37075
100
_a
Gupta Rup Ram
245
_a
Elements Of Income Tax
260
_b
Agra Book
630
_a
Elements Of Income Tax
730
_a
Elements Of Income Tax
942
_c
BOOK
999
_c
526603
_d
526600